000 00487nam a2200181Ia 4500
005 20250508152736.0
008 008 250505s9999 xx 000 0 hin d
037 _aTextual
040 _aFEDL
_beng
_cFEDL
041 _ahin
_2eng
084 _a746.41, MAH
_qFEDL
100 _aMaharathi Upendra
_9762265
245 0 _aVenn-Shilp
260 _aPatna, India
_bBihar Rashtrabhasha Parishad
300 _a223p
942 _cTEXL
_h746.41, MAH
999 _c1338442
_d1338442